Cost update (Record no. 78574)
[ view plain ]
| 000 -LEADER | |
|---|---|
| fixed length control field | 00982cab a22002175a 4500 |
| 001 - CONTROL NUMBER | |
| control field | L137267 |
| 008 - FIXED-LENGTH DATA ELEMENTS--GENERAL INFORMATION | |
| fixed length control field | 070327e2007 xxk 000 0 eng d |
| 035 ## - SYSTEM CONTROL NUMBER | |
| System control number | (Sirsi) u137267 |
| 041 0# - LANGUAGE CODE | |
| Language code of text/sound track or separate title | eng |
| 100 1# - MAIN ENTRY--PERSONAL NAME | |
| Personal name | Fordham, Peter |
| 245 00 - TITLE STATEMENT | |
| Title | Cost update |
| 260 ## - PUBLICATION, DISTRIBUTION, ETC. | |
| Date of publication, distribution, etc. | 2007 |
| 490 ## - SERIES STATEMENT | |
| Series statement | Building |
| Volume/sequential designation | 272(8472) 23 March 2007, 56-59(4) |
| 520 ## - SUMMARY, ETC. | |
| Summary, etc. | Presents the latest trends for building materials and labour costs. Includes key changes in Davis Langdon's cost indices, price adjustment formulae for construction contracts, and other key indicators such as the consumer prices index, industry input and output costs, and construction materials prices. Also provides details of wage agreements, including new deals for plumbers and electricians. |
| 590 ## - LOCAL NOTE (RLIN) | |
| Local note | KA |
| 650 24 - SUBJECT ADDED ENTRY--TOPICAL TERM | |
| Topical term or geographic name entry element | DAVIS LANGDON QUARTERLY ANALYSIS OF CONSTRUCTION MATERIALS AND LABOUR PRICES |
| 651 #4 - SUBJECT ADDED ENTRY--GEOGRAPHIC NAME | |
| Geographic name | United Kingdom |
| Chronological subdivision | |
| 690 ## - LOCAL SUBJECT ADDED ENTRY--TOPICAL TERM (OCLC, RLIN) | |
| Topical term or geographic name as entry element | BUILT ENVIRONMENT-BUILDING COSTS |
| 710 1# - ADDED ENTRY--CORPORATE NAME | |
| Corporate name or jurisdiction name as entry element | Davis Langdon |
| 9 (RLIN) | 4649 |
| 942 ## - ADDED ENTRY ELEMENTS (KOHA) | |
| Suppress in OPAC | 0 |
| Withdrawn status | Lost status | Source of classification or shelving scheme | Damaged status | Not for loan | Home library | Current library | Shelving location | Date acquired | Total Checkouts | Full call number | Barcode | Date last seen | Copy number | Price effective from | Koha item type |
|---|---|---|---|---|---|---|---|---|---|---|---|---|---|---|---|
| Dewey Decimal Classification | London | London | Journal article | 27/03/2007 | L137267 | 137267-1001 | 06/08/2019 | 1 | 06/08/2019 | Journal article |